Napoléon de A à Z - Statistiques

Statistiques générales
  • Ce quiz a été pris 247 fois
  • Le résultat moyen est 16 sur 26
Statistiques - réponses
Lettre Question Réponse % Correct
A En 1769, Napoléon Bonaparte nait dans cette ville. Ajaccio
98%
G Armée massive assemblée par Napoléon pour ses conquêtes européennes. {Grande} Armée
90%
E Après son abdication en 1814 et avant son retour pour les Cent-Jours, Napoléon a été exilé sur cette île. Elbe
89%
C En 1804, Napoléon a promulgué cet ensemble de lois qui réforma profondément le droit civil français et influença de nombreux pays. Code civil
86%
J Épousée par Napoléon en 1796, sa première épouse portait ce prénom. Joséphine
86%
S Napoléon fut exilé définitivement sur cette île. Sainte-Hélène
84%
I Dans quel célèbre bâtiment parisien, ancien hôpital, Napoléon est-il inhumé depuis 1840 ? Invalides
83%
W Face à Wellington et Blücher en 1815, Napoléon a subi une défaite décisive lors de cette bataille finale. Waterloo
83%
M Marquant l'apogée apparent de sa campagne avant le désastre de la retraite, Napoléon a occupé cette ville russe en 1812. Moscou
80%
X Numéro du roi qui lui a succédé XVIII
75%
O Impliqué dans des conflits contre la Russie et l'Autriche, cet empire rival était allié à la France sous Napoléon. Empire {Ottoman}
73%
V Après la bataille de Wagram en 1809 notamment, Napoléon a occupé plusieurs fois cette ville autrichienne. Vienne
73%
H En 1802, Napoléon a tenté de reconquérir cette colonie française en Amérique, menant à une guerre sanglante contre Toussaint Louverture. Haïti
72%
R Permettant le déchiffrement des hiéroglyphes, cet artefact égyptien a été découvert par les troupes françaises en 1799 lors de la campagne d'Égypte. Pierre de {Rosette}
64%
N Fusillé en 1815 après la Restauration, ce maréchal d'Empire était surnommé "le brave des braves". Michel Ney
62%
F En 1814, Napoléon signa son abdication dans ce château français. Fontainebleau
61%
D Peintre officiel de l'Empire, cet artiste français a réalisé le tableau "Le Sacre de Napoléon" en 1807. Jacques-Louis David
49%
T Officier d'artillerie, Napoléon s'est fait remarquer pour la première fois en 1793 lors de ce siège. Toulon
46%
U Menant à la paix de Presbourg, Napoléon a capturé une armée autrichienne entière en 1805 lors de cette bataille. Ulm
45%
Z Influençant les événements menant à son coup d'État, cette bataille en Suisse en 1799 s'est déroulée sans Napoléon. Zurich
42%
L À la bataille d'Essling en 1809, ce maréchal d'Empire, surnommé "le Roland de l'armée", est mort des suites de ses blessures. Jean Lannes
31%
P Symbole de la résistance contre Gênes et la France, ce patriote corse a inspiré le jeune Napoléon dans ses idées indépendantistes. Pascal Paoli
29%
B De 1779 à 1784, Napoléon a fréquenté cette école militaire française située en Champagne, y passant ses premières années sur le continent. Brienne
26%
K Au Caire en 1800, ce général français, compagnon de Napoléon lors de la campagne d'Égypte, a été assassiné. Jean-Baptiste Kléber
23%
Y Commandant en chef de l'armée britannique pendant une grande partie des guerres napoléoniennes, ce duc était fils de George III. York
22%
Q Quelle bataille du 16 juin 1815 opposa les forces françaises de Ney aux Anglo-Néerlandais de Wellington, juste avant Waterloo ? Quatre-Bras
9%
Aucun quiz correspondant
Distribution des résultats
% des personnes avec chaque résultat
Percentile par nombre de réponses
Votre historique - résultats
Vous n’avez pas pris ce quiz